000 00517nam a2200193 a 4500
005 20140310183140.0
008 021029s19uu xx 00 eng d
020 _a9831360419
050 _aHD 30.3
_b.M478 2000
100 _aMcGeough, Phil
245 _aTeam briefing /
_cPhil McGeough.
300 _a130 p. :
_bill. ;
_c25 cm.
521 _aBSBA
650 _aCommunication in management
650 _aCommunication in organizations
650 _aCorporate culture
942 _cBK
_2lcc
_kFOR
999 _c19373
_d19373